Women today : (Record no. 3095)
[ view plain ]
| 000 -LEADER | |
|---|---|
| fixed length control field | 00629cam a2200193 i 4500 |
| 001 - CONTROL NUMBER | |
| control field | 1336363 |
| 005 - DATE AND TIME OF LATEST TRANSACTION | |
| control field | 20250127105856.0 |
| 008 - FIXED-LENGTH DATA ELEMENTS--GENERAL INFORMATION | |
| fixed length control field | 790320s1980 caua b 001 0 eng |
| 020 ## - INTERNATIONAL STANDARD BOOK NUMBER | |
| International Standard Book Number | 0818503416 : |
| Terms of availability | $10.95 |
| 050 00 - LIBRARY OF CONGRESS CALL NUMBER | |
| Classification number | HQ1181.U5 |
| Item number | W62 |
| 082 00 - DEWEY DECIMAL CLASSIFICATION NUMBER | |
| Classification number | 305.4/2/0973 |
| Edition information | 19 |
| 245 00 - TITLE STATEMENT | |
| Title | Women today : |
| Remainder of title | a multidisciplinary approach to women's studies / |
| Statement of responsibility, etc. | Mary Anne Baker ... [et al.]. |
| 260 ## - PUBLICATION, DISTRIBUTION, ETC. | |
| Place of publication, distribution, etc. | Monterey, Calif. : |
| Name of publisher, distributor, etc. | Brooks/Cole Pub. Co., |
| Date of publication, distribution, etc. | c1980. |
| 300 ## - PHYSICAL DESCRIPTION | |
| Extent | xi, 307 p. : |
| Other physical details | ill. ; |
| Dimensions | 24 cm. |
| 650 #0 - SUBJECT ADDED ENTRY--TOPICAL TERM | |
| Topical term or geographic name entry element | Women's studies |
| Geographic subdivision | United States. |
| 650 #0 - SUBJECT ADDED ENTRY--TOPICAL TERM | |
| Topical term or geographic name entry element | Feminism |
| Geographic subdivision | United States. |
| 700 1# - ADDED ENTRY--PERSONAL NAME | |
| Personal name | Baker, Mary Anne. |
| 942 ## - ADDED ENTRY ELEMENTS (KOHA) | |
| Source of classification or shelving scheme | Library of Congress Classification |
| Koha item type | Books |
| Suppress in OPAC | No |
| 999 ## - | |
| -- | 3095 |
| -- | 3095 |
| Withdrawn status | Lost status | Source of classification or shelving scheme | Damaged status | Not for loan | Collection | Home library | Current library | Shelving location | Date acquired | Total checkouts | Full call number | Barcode | Date last seen | Copy number | Price effective from | Koha item type |
|---|---|---|---|---|---|---|---|---|---|---|---|---|---|---|---|---|
| Library of Congress Classification | Non-fiction | Undergraduate Library (Christ Temple) | Undergraduate Library (Christ Temple) | General stacks | 01/27/2025 | HQ1181.U5W62 BAK | ulct00000986 | 01/27/2025 | 1 | 01/27/2025 | Books |